Beruang

Bibliographic Details
Main Author: Anis
Format: Book
Published: Kuala Lumpur : Penerbitan Hasratpelajar , [s.n.]
Series:Mari mengenal haiwan
Subjects:

MARC

LEADER 00000cam a2200000 7i4500
001 0000078192
005 20220105103835.0
008 180128
020 |a 9789830412269 
020 |a 9830412261 
090 0 0 |a NH   |b MAL 
100 1 |a Anis 
245 1 0 |a Beruang   |c Anis 
260 |a Kuala Lumpur :   |b Penerbitan Hasratpelajar ,   |c [s.n.] 
300 |a [s.n.] :   |b Col.ill 
490 1 |a Mari mengenal haiwan 
500 |a Children age 4-6 years old (yellow) 
650 0 |a Children's stories, Malay 
999 |a 0000766599   |b Book   |c Children Collection   |e Cawangan Bandar Penawar 
999 |a 0000773341   |b Book   |c Children Collection   |e Cawangan Pontian 
999 |a 0000773342   |b Book   |c Children Collection   |e Cawangan Pontian 
999 |a 0000773343   |b Book   |c Children Collection   |e Cawangan Pontian 
999 |a 0000773345   |b Book   |c Children Collection   |e Cawangan Pontian 
999 |a 0000786955   |b Book   |c Children Collection   |e Cawangan Segamat 
999 |a 0000888662   |b Book   |c Children Collection   |e Cawangan Bandar Penawar 
999 |a 0000888666   |b Book   |c Children Collection   |e Cawangan Segamat